000 003920000a22001570004500
020 _a84-8280-446-4
041 0 _aSPA
082 0 4 _aG 863 G6439v
100 1 _aGonzález, Fernando (1895-1964)
245 1 0 _aViaje a pie / Fernando González
260 _aBogotá, Colombia : Oveja Negra
300 _a118 Pag
440 0 _aBiblioteca de Literatura Colombiana
001 11109
942 _cBK
999 _c40478
_d40478